| 000 | 00600nam a2200169Ia 4500 | ||
|---|---|---|---|
| 008 | 240729s9999 xx 000 0 und d | ||
| 022 | _a2406-0925 | ||
| 245 | 0 | _aTheoretical and Applied Mechanics | |
| 260 | _aSerbia | ||
| 260 | _bSerbian Society of Mechanics & Mathematical Institute of the Serbian Academy of Sciences and Arts, Belgrade | ||
| 650 | _a Engineering (General). Civil engineering (General) | ||
| 650 | _a Mechanics of engineering. Applied mechanics | ||
| 650 | _aTechnology | ||
| 856 | _uhttps://doaj.org/toc/877919542f354fa1a23dd6f529710f3c | ||
| 942 | _2ddc | ||
| 942 | _cDOAJEJ | ||
| 999 |
_c68262 _d68262 |
||
| 945 |
_a1 _bMadushi Gamage _c1 _dMadushi Gamage |
||